Perdi-me no museu porque... (Registo nº 32252)
[ vista simples ]
| 000 -Etiqueta do registo | |
|---|---|
| Valores | 00782nam a2200265 4500 |
| 010 ## - Número ISBN | |
| ISBN | 9789898868060 |
| 021 ## - Número do Depósito Legal | |
| -- | PT |
| Número | 427250/17 |
| 090 ## - | |
| -- | 32252 |
| 100 ## - Dados gerais de processamento | |
| Dados gerais | 20180129d2017 c y0pory50030103ba |
| 101 1# - Língua de publicação | |
| -- | por |
| 102 ## - País de publicação | |
| -- | PT |
| 200 1# - Titulo e menção de responsabilidade | |
| Título próprio | Perdi-me no museu porque... |
| Primeira menção de responsabilidade | Davide Cali |
| Outras menções de responsabilidade | il. Benjamin Chaud |
| -- | trad. Rui Lopes |
| 205 ## - Menção da edição | |
| Edição | 1<U+00AA> ed |
| 210 ## - Publicação | |
| Local de publicação | Lisboa |
| Nome do editor | Orfeu Negro, |
| Data de publicação | 2017 |
| 215 ## - Descrição física | |
| Paginação / Volumes | [40] p. |
| Outras indicações físicas | il. |
| Dimensões | 21 cm |
| 225 2# - Colecção | |
| Título próprio da colecção | Orfeu mini |
| 606 ## - Nome comum usado como assunto | |
| Palavra de ordem | Histórias para crianças |
| ID Autoridade | 187 |
| 675 ## - CDU | |
| Notação | 8:87.5 |
| 700 #1 - Autor principal (pessoa individual) | |
| Apelido | Cali, |
| Nome | Davide, |
| Datas | 1972- |
| 701 #1 - Co-autor principal (pessoa individual) | |
| Apelido | Chaud, |
| Nome | Benjamin, |
| Datas | 1975- |
| -- | 070 |
| 702 #1 - Autor secundário (pessoa individual) | |
| Apelido | Lopes, |
| Nome | Rui |
| -- | 730 |
| 801 #0 - Fonte de origem | |
| País | PT |
| Agência | BN |
| Regras de catalogação | RPC |
| 856 41 - Localização e acesso electrónico | |
| URL | <a href="http://rnod.bn.pt/ImagesBN/winlibimg.aspx?skey=&doc=1981111&img=104281&save=true">http://rnod.bn.pt/ImagesBN/winlibimg.aspx?skey=&doc=1981111&img=104281&save=true</a> |
| 990 ## - Elementos KOHA | |
| Tipo de documento | Livro |
| Situação do levantamento | Estado | Biblioteca de origem | Biblioteca de empréstimo | Código de barras | Cota | Permissão de empréstimo | Tipo de documento | Nota relativa ao exemplar |
|---|---|---|---|---|---|---|---|---|
| Completo | Biblioteca Municipal de Viana Do Alentejo | Biblioteca Municipal de Viana Do Alentejo | 0032078 | 8 CAL | Disponível | Livro | 6-10 anos | |
| Completo | Biblioteca Municipal de Viana Do Alentejo | Biblioteca Municipal de Viana Do Alentejo Pólo Aguiar | 0031952 | 8 CAL | Disponível | Livro | 6-10 anos | |
| Completo | Biblioteca da Escola Básica de Aguiar | Biblioteca da Escola Básica de Aguiar | 696 BA | 087.5 CAL | Disponível | Livro | ||
| Completo | Biblioteca da Escola Básica e Secundária Dr Isidoro de Sousa | Biblioteca da Escola Básica e Secundária Dr Isidoro de Sousa | 7503 | 087.5 CAL | Disponível | Livro | ||
| Completo | Biblioteca do Centro Escolar de Viana do Alentejo | Biblioteca do Centro Escolar de Viana do Alentejo | 2120 BV | 087.5 CAL | Disponível | Livro |